| 000 | 00998pam a2200277 a 4500 | ||
|---|---|---|---|
| 999 |
_c5696 _d5696 |
||
| 001 | 3314057 | ||
| 003 | OSt | ||
| 005 | 20200125110955.0 | ||
| 008 | 840612s1985 nyua b 001 0 eng | ||
| 010 | _a 84012606 | ||
| 020 | _a9780070402676 | ||
| 040 |
_aDLC _cDLC _dDLC |
||
| 050 | 0 | 0 |
_aT58.6 _b.D38 1985 |
| 082 | 0 | 0 |
_a658.4038 _219 _bDAV/M |
| 100 | 1 |
_aDavis, Gordon B. _91536 _q(Gordon Bitter) |
|
| 245 | 1 | 0 |
_aManagement information systems : _bconceptual foundations, structure, and development / _cGordon B. Davis, Margrethe H. Olson. |
| 250 | _a2nd ed. | ||
| 260 |
_aNew York : _bMcGraw-Hill, _cc1985. |
||
| 300 |
_aix, 693 p. : _bill. ; _c25 cm. |
||
| 440 | 0 | _aMcGraw-Hill series in management information systems | |
| 504 | _aIncludes bibliographies and indexes. | ||
| 650 | 0 | _aManagement information systems. | |
| 700 | 1 |
_aOlson, Margrethe H. _91538 |
|
| 906 |
_a7 _bcbc _corignew _d1 _eocip _f19 _gy-gencatlg |
||
| 942 |
_2ddc _cBK _h658.4038 _iDAV/M _k658.4038 _mDAV/M |
||